LDR 01436nam a2200289 4500 001 000000366972 003 CaOOAMICUS 005 20260323115918.0 008 260323s2010 it 000 u ita r 020 $a978-88-17-04452-3 040 $aSeMil$bita 100 1 $aBetancourt, Ingrid,$d<1961- >.$0(OLS)http://semarc/name/123974 240 10$aMême le silence a une fin.$0(OLS)http://semarc/title/458780 245 10$aNon c'è silenzio che non abbia fine :$bi miei sei anni di prigionia nella giungla colombiana /$cIngrid Betancourt ; traduzione di Francesco Peri. 264 1$aMilano :$bRizzoli,$c2010. 300 $a717 p. ;$c22 cm 490 1 $aRizzoli. La scala 650 4$aBetancourt, Ingrid <1961- > - Sequestro - Diari e memorie.$0(OLS)http://semarc/subject/59831 650 4$aColombia - Storia - Sec. 21.$0(OLS)http://semarc/subject/59832 700 1 $aPeri, Francesco,$d<1980- >.$0(OLS)http://semarc/name/114096 830 0$aRizzoli. La scala.$0(OLS)http://semarc/title/450378 850 $aSeMil 852 $aSeMil$W1$xVenegono$y1$m3J III 446$j268816$B257715$CSeMilBibl$Z2$F257715 $81 996 $6020$a978-88-17-04452-3$9(OLS)http://semarc/number/305563 996 $6245$aNon c'è silenzio che non abbia fine :$bi miei sei anni di prigionia nella giungla colombiana$9(OLS)http://semarc/title/458781 996 $6264$aMilano :$bRizzoli$9(OLS)http://semarc/publisher/29824